| 000 | 01161nam0a22002411 4500 | ||
|---|---|---|---|
| 001 | rc\3943582 | ||
| 005 | 20250610131001.0 | ||
| 035 | _a(NLR Aleph) 007920911 | ||
| 090 |
_a8157213 _c8157213 |
||
| 100 | _a20130415d1956 |||y0rusy50 ca | ||
| 101 | 0 | _arus | |
| 102 | _aRU | ||
| 105 | _ay z ||||| | ||
| 200 | 1 |
_aОсновные черты советского военного искусства в период иностранной военной интервенции и гражданской войны в СССР _eМатериалы к изучению темы _fКраснознам. ордена Ленина и ордена Суворова 1-й степени Воен. акад. им. М.В. Фрунзе. Кафедра истории воен. искусства |
|
| 210 |
_aМосква _cБ. и. _d1956 |
||
| 215 |
_a100 с. _d22 |
||
| 300 | _aПеред загл. авт.: канд. ист. наук доц. подполк. Липицкий, С.В. | ||
| 700 | 1 |
_aЛипицкий _bС.В. _gСемен Васильевич |
|
| 801 | 0 |
_aRU _bNLR _gpsbo |
|
| 801 | 1 |
_aRU _bELAR _2rusmarc |
|
| 852 |
_aNLR _j57-5/1064 |
||
| 942 | _cBOOK | ||
| 980 | _aNB | ||